| 000 | 00590nam a2200217 a 4500 | ||
|---|---|---|---|
| 999 |
_c1732 _d1732 |
||
| 001 | 1732 | ||
| 003 | BD-JhCC | ||
| 005 | 20221020134024.0 | ||
| 008 | 171023s2010 nyu |||| |||| 000 0 eng d | ||
| 035 | _a(BD-JhCC)1732 | ||
| 040 |
_aBD-JhCC _dBD-JhCC |
||
| 041 | _aeng | ||
| 082 |
_a891.4435 _bCAT 2010 |
||
| 100 | _aCatherwood, Christopher | ||
| 245 |
_aHis Finest Hour / _cChristopher Catherwood |
||
| 260 |
_aNew Yourk : _bA Herman Graf Book ; _c2010 |
||
| 300 |
_a235 p. ; _c22 cm |
||
| 500 | _aA biography of Winston Churchill | ||
| 650 | _aEnglish Short Stories | ||
| 942 |
_2ddc _cBK _06 |
||